000 00515nam a2200181Ia 4500
999 _c28106
_d28106
003 OSt
005 20260416152737.0
008 190216s9999||||xx |||||||||||||| ||und||
020 _a9788171807680
040 _coclc
082 _a100
_bYAT/V
100 _aYati, Nitya Chaitanya
_96870
245 0 _aVedanthaparichayam /
_cNithya Chaithanya Yati
260 _bPoorna Publication,
_aKozhikode:
_c2000.
300 _a640p
650 _aPhilosophy
942 _cBK
_2ddc
_h100
_iYAT/V
_k100
_mYAT/V